Tributación en sociedad: impuestos y redistribución en el Chile del siglo XXI/
Explora temas actuales para complementar los avances existentes dados por los análisis y estudios económicos al respecto de la justicia distributiva en Chile. En la primera parte se explican los conceptos relacionados con los impuestos y la sociedad. Posteriormente se presentan una serie de estudios...
Salvato in:
| Altri autori: | |
|---|---|
| Natura: | Libro |
| Lingua: | Spanish |
| Pubblicazione: |
Chile:
Uqbar Editores,
2014
|
| Soggetti: | |
| Tags: |
Aggiungi Tag
Nessun Tag, puoi essere il primo ad aggiungerne!!
|
MARC
| LEADER | 00000nam a22000007a 4500 | ||
|---|---|---|---|
| 003 | cru CIDCACS/IIS | ||
| 005 | 20171110164014.0 | ||
| 007 | ta | ||
| 008 | 171101t2014 cl |||||r|||| 00| 0 spa d | ||
| 999 | |c 40533 |d 40533 | ||
| 020 | |a 9789569171437 | ||
| 040 | |c cru CIDCACS/IIS | ||
| 090 | |a 11.01.02 A882t | ||
| 100 | 1 | |9 5813 |a Atria, Jorge |e editor | |
| 245 | 1 | |a Tributación en sociedad: |b impuestos y redistribución en el Chile del siglo XXI/ |c Jorge Atria | |
| 260 | |a Chile: |b Uqbar Editores, |c 2014 | ||
| 300 | |a 236 páginas: |b tablas, gráficos | ||
| 520 | |a Explora temas actuales para complementar los avances existentes dados por los análisis y estudios económicos al respecto de la justicia distributiva en Chile. En la primera parte se explican los conceptos relacionados con los impuestos y la sociedad. Posteriormente se presentan una serie de estudios que abordan temas como: el sistema tributario en Chile, el gasto público y derechos sociales, la tributación y desigualdad, la opinión pública, el impuesto sobre a la renta, las actividades extractivas y la responsabilidad social empresarial. Las investigaciones permiten facilitar la comprensión de los tributos desde una perspectiva amplia y multidisciplinaria. | ||
| 650 | 1 | 0 | |9 1321 |a TRIBUTACION |
| 650 | 1 | 0 | |9 240 |a IMPUESTOS |
| 650 | 1 | 0 | |9 2934 |a RECAUDACION DE IMPUESTOS |
| 650 | 1 | 0 | |9 77 |a DESIGUALDAD SOCIAL |
| 650 | 1 | 0 | |9 2767 |a IMPUESTO A LA RENTA |
| 650 | 1 | 0 | |9 242 |a GASTOS PUBLICOS |
| 650 | 1 | 0 | |9 4971 |a OPINION PUBLICA |
| 942 | |2 ddc |c LI | ||



